English phrasal verbs in use 70 units of vocabulary reference and practice : self-study and classroom use : intermediate

Guardado en:
Detalles Bibliográficos
Autor principal: McCarthy, Michael
Otros Autores: O'Dell, Felicity
Formato: Libro
Lenguaje:inglés
Publicado: Cambridge Cambridge University Press 2004
Materias:
Etiquetas: Agregar Etiqueta
Sin Etiquetas, Sea el primero en etiquetar este registro!

MARC

LEADER 00000nam a2200000 4500
001 0237538
005 20240315121710.9
020 |a 978-0-521-52727-9 
041 0 |a eng 
044 |a GB 
245 1 0 |a English phrasal verbs in use  |b 70 units of vocabulary reference and practice : self-study and classroom use : intermediate  |c Michael McCarthy, Felicity O'Dell 
264 1 |a Cambridge  |b Cambridge University Press  |c 2004 
300 |a 206 s. 
610 2 0 |a angličtina 
610 2 0 |a jazyky cudzie 
610 2 0 |a zásoba slovná 
610 2 0 |a gramatika 
610 2 0 |a konverzácia 
610 2 0 |a terminológia 
100 1 |a McCarthy, Michael 
700 1 |a O'Dell, Felicity